• 首页
  • 本馆介绍
  • 公告通知
  • 最新文献
  • 馆藏检索
  • 电子资源
  • 读者导购
  • 参考咨询
  • 我的图书馆
  • 登录
  • 详细信息显示
  • 放入我的书架
  • 预约/预借图书
  • 作者相关作品
  • 分类相关作品
  • 丛书相关作品
  • 出版社相关作品

书目信息

  • 表格格式
  • 工作单格式
  • 卡片格式
题名:
回忆列宁
    
 
作者: ;上海外国语学院翻 译
分册: 第二卷  
出版信息: 北京   人民出版社  1982.08
页数: 600页
开本: 21cm
丛书名:
单 册:
中图分类: A732
科图分类:
主题词: 列宁--生平事迹 , 列宁--传记
电子资源:
ISBN:
000 00564nam0 2200205 45
001 0181023685
005 20060813095245.25
010    @dCNY1.90
091    @a11001.444
100    @a20810111d km y0chiy0120 ea
101 0  @achi
200 1  @AHUI YI LIE NING@FSHANG HAI WAI GUO YU XUE YUAN@a回忆列宁@h第二卷@f上海外国语学院翻译
210    @a北京@c人民出版社@d1982.08
215    @a600页@d21cm
606 0  @a列宁@x生平事迹
606 0  @a列宁@x传记
690    @aA732@v3
711 02 @a上海外国语学院翻@4译
801    @aCN@bTSTC@c20060813
905    @dA732@e14:2@f1@b71467
    
    回忆列宁.第二卷/上海外国语学院翻译.-北京:人民出版社,1982.08
    600页;21cm
    
    
    ISBN :CNY1.90
    
●
相关链接 在E读中查询图书 在五车中查询图书 在当当中查询图书 在豆瓣中查询图书


正题名:回忆列宁     索取号:A732/14:2         预约/预借

序号 登录号 条形码 馆藏地/架位号 状态 备注
1 0071466   000953882   第一借阅区/ [索取号:A732/14:2] 在馆    
2 0071467   001857636   密集书库/ [索取号:A732/14:2] 在馆    
3 0071468   001860631   密集书库/ [索取号:A732/14:2] 在馆    
4 0071469   001860677   密集书库/ [索取号:A732/14:2] 在馆    
5 0071470   001860560   密集书库/ [索取号:A732/14:2] 在馆    
6 0435100   204351003   密集书库/ [索取号:A732/14:2] 在馆    
7 0435101   204351012   密集书库/ [索取号:A732/14:2] 在馆    
8 0459209   204592093   密集书库/ [索取号:A732/14:2] 在馆    
9 0459210   204592100   密集书库/ [索取号:A732/14:2] 在馆    
唐山师范学院图书馆 欢迎您!
大连网信软件有限公司© 版权所有